Зависимость коэрцитивной силы от одноносных напряжений (часть 2); Дефектоскопия; № 4

Dades bibliogràfiques
Parent link:Дефектоскопия.— , 1965-
№ 4.— 2002.— С. 10-17
Autor principal: Новиков В. Ф.
Altres autors: Яценко Т. А., Бахарев М. С.
Idioma:rus
Publicat: 2002
Col·lecció:Магнитные методы
Matèries:
Format: Capítol de llibre
KOHA link:https://koha.lib.tpu.ru/cgi-bin/koha/opac-detail.pl?biblionumber=428282

MARC

LEADER 00000naa2a2200000 4500
001 428282
005 20231101074823.0
035 |a (RuTPU)RU\TPU\prd\87820 
035 |a RU\TPU\prd\9065 
090 |a 428282 
100 |a 20101008a2002 k y0rusy50 ca 
101 0 |a rus 
102 |a RU 
200 1 |a Зависимость коэрцитивной силы от одноносных напряжений (часть 2)  |f В. Ф. Новиков, Т. А. Яценко, М. С. Бахарев 
225 1 |a Магнитные методы 
320 |a Библиогр.: 11 назв. 
461 1 |0 (RuTPU)RU\TPU\prd\151  |t Дефектоскопия  |d 1965- 
463 1 |0 (RuTPU)RU\TPU\prd\87818  |t № 4  |v С. 10-17  |d 2002 
610 1 |a коэрцитивная сила 
610 1 |a одноосные напряжения 
610 1 |a зависимость 
610 1 |a низкоуглеродистые стали 
675 |a 620.179.14  |v 3 
700 1 |a Новиков  |b В. Ф. 
701 1 |a Яценко  |b Т. А. 
701 1 |a Бахарев  |b М. С. 
801 1 |a RU  |b 63413507  |c 20021210  |g PSBO 
801 2 |a RU  |b 63413507  |c 20131016  |g RCR 
942 |c BK